Roma e il diritto

সংরক্ষণ করুন:
গ্রন্থ-পঞ্জীর বিবরন
প্রধান লেখক: Ducos, Michèle (Author)
বিন্যাস: গ্রন্থ
ভাষা:ইতালিয়
প্রকাশিত: Bolonia Il Mulino 1998
মালা:Universale Paperbacks il Mulino, 337
বিষয়গুলি:
ট্যাগগুলো: ট্যাগ যুক্ত করুন
কোনো ট্যাগ নেই, প্রথমজন হিসাবে ট্যাগ করুন!

MARC

LEADER 00000nam a2200000 a 4500
001 UCL4968
003 CL-VaPUC
008 040227e19980000IT |||||||||||||||||ita|d
020 |a 8815062408 
082 0 4 |a 340.54  |b DUC  |2 21 
100 0 |a Ducos, Michèle  |e author  |9 482698 
245 1 0 |a Roma e il diritto 
300 |a 174 p 
942 |c BK 
945 |d 20040227 00:00:00  |a cmena 
260 |a Bolonia  |b Il Mulino  |c 1998 
650 0 |a Derecho romano  |9 255930 
650 0 |a Historia del derecho  |9 255109 
583 |a last modification  |c 20040227 00:00:00  |k Rodrigo Vera 
490 0 |a Universale Paperbacks il Mulino, 337 
999 |c 307713  |d 307711 
952 |0 0  |1 0  |4 0  |6 340_540000000000000_DUC_1998  |7 0  |8 DER_ROM  |9 373796  |a BIBDER  |b BIBDER  |d 2019-11-21  |i 3985296  |o 340.54 DUC 1998  |p 3985296  |r 2023-01-25  |w 2019-11-21  |x Ubicación 4to piso  |y BK  |z Este recurso debe solicitarse con anticipación  |k DER